Úspešný rozvoj vzájomných vzťahov Súdruh Gustáv Husák prijal hosťa z Kambodže

Bibliographic Details
Format: Article
Language:Slovak
Subjects:

MARC

LEADER 00000nab a2200000 a 4500
001 vtls000089819
003 SK-MaSNL
005 20260304165924.0
008 111103c1981 xo 0 slo
015 |a SNBRB19rr/mm-uuuuu 
035 |a CL0099922 
040 |a SNKBUCL  |b slo  |c SNKBUCL  |e AACR2 
041 0 |a slo 
044 |a xo  |c SK 
080 |a 327(100-11)(437)  |2 1981 
080 |a 327(100-12)(596)  |2 1981 
245 0 0 |a Úspešný rozvoj vzájomných vzťahov  |b Súdruh Gustáv Husák prijal hosťa z Kambodže 
650 0 7 |a ČSSR  |2 snkbucl  |9 335647 
651 7 |a Kambodža  |2 snkbucl  |9 26424 
655 7 |a články z novín a časopisov  |2 snkbucl  |9 267496 
773 0 |t Pravda  |g Roč. 62, č. 165 (15. 7. 1981), s. 1 
850 |a Slovenská národná knižnica v Martine  |a MTA001 
852 |a SNK  |b KIS3GCP 
958 |a RK 
992 |a RBX 
999 |c 2986166  |d 2988096